00306nam a22001337a 450000500170000000800410001704100080005808200090006610000270007524500320010226000120013430000110014665000150015720160622113015.0160622b xxu||||| |||| 00| 0 eng d aeng b8970 aSinghania, Dr. Vinod K aDirect Taxes Ready Rockoner bTaxmann a266.11 aManagement